| 000 | 00352nam a22001577a 4500 | ||
|---|---|---|---|
| 003 | OSt | ||
| 005 | 20250228135420.0 | ||
| 007 | 165 pages | ||
| 008 | 250228b |||||||| |||| 00| 0 eng d | ||
| 020 | _a97881291477653 | ||
| 040 | _c | ||
| 082 |
_a158.1 _bLUC |
||
| 245 |
_aThe 5 A.M Revolution _cLuca Dan |
||
| 260 |
_bRupa _c2023 |
||
| 942 |
_2ddc _cBK _n0 |
||
| 999 |
_c36169 _d36169 |
||